000 00599nam a22001937a 4500
005 20130913145050.0
010 _aENG-108175
020 _a9789380261690
_c175.00
035 _aEN-91708
037 _bDBAD/PUB
082 _a331.70209541
245 1 0 _aNorth East career year book /
_cedited by Anubhuti Dutta [and] Zakirul Alam
260 _aGuwahati
_bEBH Publishers
_c2012
270 _a136,M.L.Nehru Road, Panbazar
_bGuwahati
_e781001
300 _a367p. :
_c18cm(pbk)
_bill.
700 _aDutta, Anubhuti
700 _aAlam, Zakirul
942 _2ddc
_cEN
_mNOR
_h331.70209541
999 _c78141
_d78141